000 00703nam a2200181Ia 4500
008 100921s9999 xx 000 0 und d
082 _b33489
_a550 न 00
100 _aचितमपल्ली मारूती.
245 _aनिसर्गवाचन.
260 _bपद्मगंधा प्रकाशन, पुणे.
_c2000
300 _a136
_bजयेश एजन्सी,पुणे.
365 _b90
520 _aविज्ञान-भौमिक शास्त्रे.
630 _aनिसर्गवाचन.
650 _aविज्ञान-भौमिक शास्त्रे.
730 _aनिसर्गवाचन.
942 _cBOOK
999 _c782602
_d782599